Bài tập Ngữ văn 8

সংরক্ষণ করুন:
গ্রন্থ-পঞ্জীর বিবরন
বিন্যাস: গ্রন্থ
ভাষা:Undetermined
প্রকাশিত: Hà Nội Giáo dục 2007
বিষয়গুলি:
ট্যাগগুলো: ট্যাগ যুক্ত করুন
কোনো ট্যাগ নেই, প্রথমজন হিসাবে ট্যাগ করুন!
Thư viện lưu trữ: Trung tâm Học liệu Trường Đại học Cần Thơ
LEADER 00575nam a2200193Ia 4500
001 CTU_158046
008 210402s9999 xx 000 0 und d
020 |c 4500 
082 |a 495.9220712 
082 |b B103/T.1/L.8 
245 0 |a Bài tập Ngữ văn 8 
245 0 |c Nguyễn Khắc Phi ... [et al] 
260 |a Hà Nội 
260 |b Giáo dục 
260 |c 2007 
650 |a Vietnamese language 
650 |x Study and teaching (Elementary) 
904 |i Phan Thị Kim Lan (Bạch Trúc) 
980 |a Trung tâm Học liệu Trường Đại học Cần Thơ